000 01241nam a22003137a 4500
001 1200812
003 OSt
005 20210422054013.0
008 981104s1999 mdu b 001 0 eng
010 _a 98049815
020 _a0834212234
040 _aDLC
_cDLC
_dDLC
050 0 0 _aR118.6
_b.G37 1999
080 _a811.111
_bG-22
082 0 0 _a610/.72
_221
100 1 _aGarrard, Judith.
245 1 0 _aHealth sciences literature review made easy :
_bthe matrix method /
_cJudith Garrard.
260 _aGaithersburg, Md. :
_bAspen Publishers,
_c1999.
300 _axiv, 209 p. ;
_c22 cm.
504 _aIncludes bibliographical references and index.
650 0 _aMedical literature
_xResearch
_xMethodology.
650 0 _aMatrix method (Indexing)
650 0 _aMedicine
_xAbstracting and indexing.
650 0 _aInformation storage and retrieval systems
_xMedicine.
653 _aინგლისური ენა
906 _a7
_bcbu
_corignew
_d1
_eocip
_f19
_gy-gencatlg
942 _2udc
_cBK
999 _c785
_d785